Statistiques concernant Stations de tramway de Grenoble (France)

Cliquez ici pour prendre le quiz!

Statistiques générales

  • Ce quiz a été pris 273 fois
  • Le résultat moyen est 38 sur 90

Statistiques - réponses

Ligne A% Correct
Victor Hugo
89%
Victor Hugo
89%
Alsace-Lorraine
83%
Alsace-Lorraine
83%
Alsace-Lorraine
83%
Hubert Dubedout
79%
Hubert Dubedout
79%
Chavant
77%
Chavant
77%
Gares
77%
Gares
77%
Fontaine La Poya
73%
Grand'Place
70%
Saint Bruno
67%
Saint Bruno
67%
Verdun-Préfecture
65%
La Tronche Hôpital
60%
Pont-de-Claix Etoile
60%
Condillac - Universités
59%
Vallier Libération
56%
Vallier-Libération
56%
Albert 1er de Belgique
55%
Bibliothèques Universitaires
53%
Louise Michel
53%
Notre-Dame Musée
53%
Seyssins Le Prisme
53%
Ste-Claire Les Halles
53%
Berriat Le Magasin
51%
Ile Verte
51%
Gabriel Fauré
50%
Gières Plaine des Sports
50%
Vallier Catane
50%
MC2: Maison de la Culture
49%
Arlequin
48%
Hector Berlioz Universités
48%
Gustave Rivet
47%
Neyrpic Belledonne
47%
Grenoble Hotel de Ville
46%
Polesud Alpexpo
46%
Flandrin Valmy
45%
Grand Sablon
45%
Michallon
45%
Les Taillées Universités
43%
Vallier - Docteur Calmette
43%
Condorcet
42%
Mounier
42%
Foch-Ferrié
41%
Péri Brossolette
40%
Gières Gare Universités
36%
Echirolles Gare
35%
La Rampe Centre-Ville
35%
La Bruyère
34%
Malherbe
34%
Palais de Justice - Gare
33%
Alliés
32%
Denis Papin
31%
Louis Maisonnat
31%
Essarts La Butte
30%
Etienne Grappe
30%
Marie Curie
30%
Seyssinet-Pariset Hotel de Ville
30%
Esplanade Centre
29%
Fontaine Hotel de Ville La Source
26%
Les Fontainades Le Vog
25%
CEA Cambridge
24%
Charles Michels
23%
Fauconnière
23%
Fontanil-Cornillon Palluel
23%
Les Granges
23%
Surieux
23%
Horloge
22%
Presqu'ile
22%
Cité Internationale
21%
Grand Pré
21%
Mas des Iles
19%
Mayencin Champ Roman
19%
Auguste Delaune
18%
Casamaures - Village
18%
Edmée Chandon
18%
Maison Communale
18%
Néron
18%
Parc Jo Blanchon
18%
Edouard Vaillant
17%
Fiancey - Prédieu
17%
Karben
17%
Muret
16%
Saint-Martin-le-Vinoux Hôtel de Ville
16%
La Pinéa - Saint-Robert
15%
Pont de Vence
14%
Rafour
14%

Distribution des résultats

Percentile par nombre de réponses

% des personnes avec chaque résultat

Votre développement - résultats

Vous n’avez pas pris ce quiz